El lecturón. Gimnasia para despabilar lectores

সংরক্ষণ করুন:
গ্রন্থ-পঞ্জীর বিবরন
প্রধান লেখক: Alvarado, Maite (Author)
অন্যান্য লেখক: Bianki, Diego (ilustrador), Mosquera, Martin (ilustrador)
বিন্যাস: গ্রন্থ
ভাষা:স্প্যানিশ
প্রকাশিত: Buenos Aires, Argentina El Hacedor- Quipu 2015
সংস্করন:2a. ed
বিষয়গুলি:
ট্যাগগুলো: ট্যাগ যুক্ত করুন
কোনো ট্যাগ নেই, প্রথমজন হিসাবে ট্যাগ করুন!

MARC

LEADER 00000cam a2200000 a 4500
001 UCC8355
003 CL-VaPUC
005 20220224074252.0
008 190621e20150000ag |||||||||||||||||spa|d
999 |c 374701  |d 374699 
020 |a 9789875040601 
040 |c Pontificia Universidad Católica de Valparaíso 
082 0 4 |a 370.15 ALV 2015  |2 21 
100 0 |a Alvarado, Maite  |e author  |9 603034 
245 1 3 |a El lecturón.  |b Gimnasia para despabilar lectores 
250 |a 2a. ed 
260 |a Buenos Aires, Argentina   |b El Hacedor-  |b Quipu  |c 2015 
300 |a 140 páginas  
583 |a last modification  |c 20190621 12:31:00  |k Rodrigo Vera 
650 0 |a Enseñanza de la literatura  |9 283372 
650 0 |a Fomento de la lectura  |9 550607 
650 0 |a Métodos de enseñanza  |9 270413 
700 |a Bianki, Diego   |e ilustrador   |9 856966 
700 |a  Mosquera, Martin  |e ilustrador   |9 856967 
852 |a BIBEDU 
942 |c BK  |2 ddc 
945 |d 20190621 12:31:00  |a dcastane